000 00400nam a2200157Ia 4500
005 20240712060056.0
008 240331s9999 xx 000 0 und d
020 _a0226476308
082 _a194
_bSAR
100 _aSartreLevy, J.P
245 0 _aHope now :
_bthe 1980 interview
260 _aLondon
_bThe University of Chicago Press
_c1996
300 _avi, 135 p .,
650 _aPhilosophy
942 _cL
999 _c763
_d763